| 000 | 00652nam a2200265Ia 4500 | ||
|---|---|---|---|
| 005 | 20260306163546.0 | ||
| 008 | 008 260114s9999 xx 000 0 eng d | ||
| 020 | _a9781479811700 | ||
| 037 | _aEBOOK | ||
| 040 | _aCRL | ||
| 040 | _beng | ||
| 040 | _cCRL | ||
| 041 | _2eng | ||
| 041 | _aeng | ||
| 084 | _qCRL | ||
| 100 |
_aSturken _91128884 |
||
| 245 | 0 | _aTerrorism In American Memory: Memorials, Museums, And Architecture In The Post-9/11 Era | |
| 260 | _bNYU Press | ||
| 260 | _c2022 | ||
| 650 | _aSocial Work | ||
| 856 | _uhttps://academic.oup.com/book/42479 | ||
| 942 | _cEBOOK | ||
| 999 |
_c1710579 _d1710579 |
||